00886nam a2200265Ia 450000500170000000800390001702000190005608200160007510000180009124500970010925000190020630000270022549000170025250400270026965000620029665000380035865000430039694200120043926400310045133600270048233700330050933800280054204000350057099900150060520220317000955.0160825s2006 ck g 000 0 spa a9789582004601204a371.5bS14s1 aSalm, Randall13aLa solución de conflictos en la escuelabuna guía práctica para maestroscRandall Salm a1a edición  a169 páginas c24 cm  aAula abierta aIncluye bibliografía142LEMBaSolución de conflictos escolares xMetodología 142LEMB aPlanificación educativa 142LEMB aRelación maestro - estudiante 2ddccBK aBogotábMagisterioc2006 atextobtxt2rdacontent asin mediaciónbn2rdamedia avolumenbnc2rdacarrier aCO-BoRNBPbspaerdacCO-BoRNBP c5565d5565